000 00675nam a22002057a 4500
005 20170124110246.0
010 _aB-092608
020 _c700.00
_a8188583103
035 _aB-092608
037 _bCen Lib/Ret
040 _aDPL
_bEN
082 _a880.8
_bREF
245 _aReference manual :
_bhistory for competitive examinations (NET UGC), SLET, JRF, UPSC & other tests /
260 _aNew Delhi
_bReference Press
_c2003
270 _bNew Delhi
_a4831/24, Ansari road, Dariyaganj
_e110002
300 _aviii, 454p.
_c21cm(Hb)
650 _aHistory -- Manual
_9141643
650 _aEntrance book -- History
_9141644
942 _2ddc
_cEN
_h880.8
_mREF
999 _c135551
_d135551